UBT Library

The Home planet / (Record no. 39611)

000 -LEADER
fixed length control field 00708pam a2200217 a 4500
001 - CONTROL NUMBER
control field 3854455
005 - DATE AND TIME OF LATEST TRANSACTION
control field 20180103042156.0
008 - FIXED-LENGTH DATA ELEMENTS--GENERAL INFORMATION
fixed length control field 880129s1988 maua b 000 0 eng
010 ## - LIBRARY OF CONGRESS CONTROL NUMBER
LC control number 88002970
020 ## - INTERNATIONAL STANDARD BOOK NUMBER
International Standard Book Number 0201072629 :
Terms of availability $39.95
040 ## - CATALOGING SOURCE
Original cataloging agency DLC
Transcribing agency DLC
Modifying agency DLC
041 ## - LANGUAGE CODE
Language code of text/sound track or separate title eng
080 ## - UNIVERSAL DECIMAL CLASSIFICATION NUMBER
Universal Decimal Classification number 525
082 00 - DEWEY DECIMAL CLASSIFICATION NUMBER
Classification number 525 KEL
Edition number 20
100 ## - Rafti
Rafti 42
101 ## - Shkurtesa
Shkurtesa AST
245 04 - TITLE STATEMENT
Title The Home planet /
Statement of responsibility, etc conceived and edited by Kevin W. Kelley for the Association of Space Explorers ; [foreword by Jacques-Yves Cousteau, preface by Russell L. Schweickart, preface by Oleg Makarov].
504 ## - BIBLIOGRAPHY, ETC. NOTE
Bibliography, etc Includes bibliographical references.
906 ## - LOCAL DATA ELEMENT F, LDF (RLIN)
a 7
b cbc
c orignew
d 1
e ocip
f 19
g y-gencatlg
942 ## - ADDED ENTRY ELEMENTS (KOHA)
Source of classification or shelving scheme
Item type Books
Holdings
Withdrawn status Lost status Source of classification or shelving scheme Damaged status Not for loan Collection code Permanent location Current location Shelving location Date acquired Total Checkouts Full call number Barcode Date last seen Price effective from Koha item type
          Koleksioni i përgjithshem UBT - Lipjan UBT - Lipjan Koleksioni i përgjithshem 01/03/2018   525 KEL 002-2994220 01/03/2018 01/03/2018 Books
UBT Library © 2015-2024. All rights reserved University Education for Business and Technology